| 000 | 00326nam a2200133Ia 4500 | ||
|---|---|---|---|
| 008 | 230312s9999||||xx |||||||||||||| ||und|| | ||
| 082 |
_a658.009 _bBIL-H |
||
| 100 | _aBilgrami;Hasan | ||
| 245 | 0 | _aHistory of Management in pakistan | |
| 260 |
_bHEC _aPK _c2006 |
||
| 300 | _a359 | ||
| 650 |
_aLiterature _vLiterature |
||
| 942 | _cBK | ||
| 999 |
_c1324 _d1324 |
||